EPIC: The Musical - Thunder Bringer - Statistics

General Stats
  • This quiz has been taken 345 times
  • The average score is 245 of 291
Answer Stats
% Correct
a
99%
bring
99%
her.
99%
her
99%
her,
99%
her!
99%
I
99%
Thunder,
99%
Thunder
99%
in
98%
In
98%
is
98%
the
98%
to
98%
can
96%
damsel
96%
distress,
96%
Zeus Pride
96%
King
94%
make
94%
only
94%
undress
94%
who
94%
you
94%
You?
94%
you.
94%
and
93%
do
93%
where
93%
through
92%
why
92%
your
92%
choose,
91%
Choose
91%
Odysseus Choose?
91%
crew
91%
crew?
91%
me,
91%
me
91%
one
91%
or
91%
Or
91%
Show
91%
die
89%
fall.
89%
have
89%
kingdom
89%
makes
89%
be
88%
call,
88%
I'm
88%
of
88%
Eurylochus But
87%
know
87%
all
86%
if
86%
Ithaca,
86%
men
86%
see
86%
we'll
86%
Eurylochus Captain?
85%
this.
85%
away
84%
Bringer,
84%
don't
84%
Don't
84%
end,
84%
hiding
84%
suffer
84%
take
84%
think
84%
Crew When
84%
lives
83%
lose?
83%
Odysseus Please,
83%
she
83%
wringer.
83%
Odysseus,
82%
own,
82%
pressure.
82%
what
82%
does
81%
from
81%
from..
81%
judgement
81%
Lightning,
81%
Lightning
81%
Tell
81%
they'd
81%
apply
80%
become
80%
it's
80%
suffering
80%
same
79%
final
78%
man
78%
Try
78%
wield
78%
got
77%
monster?
77%
can't
76%
Enlighten
76%
say.
76%
today,
76%
will
76%
Penelope (voice) Let
75%
Zeus Someone's
75%
wave?
75%
were
75%
meteor?
74%
not
73%
tidal
73%
was
73%
blame?
72%
comet
72%
confess.
71%
ripple
71%
too
71%
far
70%
hunger
70%
once
70%
revealed.
70%
true
70%
use
70%
great.
69%
nature
69%
reason
69%
candle
68%
fate
68%
gotta
68%
blaze?
67%
here
67%
yield
67%
for
66%
gruesome
65%
wonder
65%
conceal,
64%
since
61%
ring
57%
damned,
54%
death
53%
who'd
53%
Wielder,
53%
weight
52%
near.
51%
time,
50%
ears
49%
act
48%
fear
48%
crime.
47%
while
47%
with
46%
until
45%
deaf
44%
spear
43%
prime,
42%
sublime
40%
passed
38%
No matching quizzes found
Score Distribution
Percent of People with Each Score
Percentile by Number Answered
Your Score History
You have not taken this quiz